NBA Championship Winners - Statistics

General Stats
  • This quiz has been taken 3,187 times
    2,612 since last reset
  • The average score is 57 of 74
Answer Stats
Year Team % Correct
2020 Los Angeles Lakers
97%
2010 Los Angeles Lakers
97%
2009 Los Angeles Lakers
97%
2002 Los Angeles Lakers
97%
2001 Los Angeles Lakers
97%
2000 Los Angeles Lakers
97%
1988 Los Angeles Lakers
97%
1987 Los Angeles Lakers
97%
1985 Los Angeles Lakers
97%
1982 Los Angeles Lakers
97%
1980 Los Angeles Lakers
97%
1972 Los Angeles Lakers
97%
2008 Boston Celtics
94%
1986 Boston Celtics
94%
1984 Boston Celtics
94%
1981 Boston Celtics
94%
1976 Boston Celtics
94%
1974 Boston Celtics
94%
1969 Boston Celtics
94%
1968 Boston Celtics
94%
1966 Boston Celtics
94%
1965 Boston Celtics
94%
1964 Boston Celtics
94%
1963 Boston Celtics
94%
1962 Boston Celtics
94%
1961 Boston Celtics
94%
1960 Boston Celtics
94%
1959 Boston Celtics
94%
1957 Boston Celtics
94%
2018 Golden State Warriors
93%
2017 Golden State Warriors
93%
2015 Golden State Warriors
93%
1975 Golden State Warriors
93%
1998 Chicago Bulls
90%
1997 Chicago Bulls
90%
1996 Chicago Bulls
90%
1993 Chicago Bulls
90%
1992 Chicago Bulls
90%
1991 Chicago Bulls
90%
2013 Miami Heat
89%
2012 Miami Heat
89%
2006 Miami Heat
89%
2019 Toronto Raptors
86%
2014 San Antonio Spurs
85%
2007 San Antonio Spurs
85%
2005 San Antonio Spurs
85%
2003 San Antonio Spurs
85%
1999 San Antonio Spurs
85%
2016 Cleveland Cavaliers
84%
2011 Dallas Mavericks
81%
2004 Detroit Pistons
81%
1990 Detroit Pistons
81%
1989 Detroit Pistons
81%
1995 Houston Rockets
78%
1994 Houston Rockets
78%
1973 New York Knicks
63%
1970 New York Knicks
63%
1983 Philadelphia 76ers
62%
1967 Philadelphia 76ers
62%
1971 Milwaukee Bucks
57%
1977 Portland Trail Blazers
46%
1979 Seattle SuperSonics
46%
1978 Washington Bullets
37%
1954 Minneapolis Lakers
31%
1953 Minneapolis Lakers
31%
1952 Minneapolis Lakers
31%
1950 Minneapolis Lakers
31%
1949 Minneapolis Lakers
31%
1956 Philadelphia Warriors
25%
1947 Philadelphia Warriors
25%
1958 St. Louis Hawks
21%
1951 Rochester Royals
16%
1955 Syracuse Nationals
16%
1948 Baltimore Bullets
15%
No matching quizzes found
Score Distribution
Percent of People with Each Score
Percentile by Number Answered
Your Score History
You have not taken this quiz since the last reset